A fondo: informática básica
Saved in:
| Main Author: | |
|---|---|
| Format: | Book |
| Language: | Spanish |
| Published: |
Madrid
Anaya Multimedia
1987
|
| Subjects: | |
| Tags: |
Add Tag
No Tags, Be the first to tag this record!
|
MARC
| LEADER | 00000nam a2200000 a 4500 | ||
|---|---|---|---|
| 001 | UCW3549 | ||
| 003 | CL-VaPUC | ||
| 008 | 881107e19870000SP |||||||||||||||||spa|d | ||
| 082 | 0 | 4 | |a 004 |b WAL |2 21 |
| 100 | 0 | |a Walker, Roger S |e author |9 307826 | |
| 245 | 1 | 0 | |a A fondo: informática básica |
| 300 | |a 307 p | ||
| 942 | |c BK | ||
| 945 | |d 19881107 00:00:00 | ||
| 260 | |a Madrid |b Anaya Multimedia |c 1987 | ||
| 650 | 0 | |a Computadores |9 258188 | |
| 650 | 7 | |a COMPUTADORES ELECTRONICOS DIGITALES |2 CL-VaPUC |9 259415 | |
| 650 | 0 | |a Teoría de la información |9 260744 | |
| 650 | 0 | |a Procesamiento electrónico de datos |9 259457 | |
| 650 | 7 | |a CIENCIAS DE LA INFORMACION |2 CL-VaPUC |9 255964 | |
| 583 | |a last modification |c 19881107 00:00:00 |k Rodrigo Vera | ||
| 999 | |c 217517 |d 217515 | ||
| 952 | |0 0 |1 0 |4 0 |6 004_000000000000000_WAL_1987 |7 0 |8 P |9 205278 |a BIBEDU |b BIBEDU |c BIBEDU_PB |d 2019-11-15 |i 2732181 |o 004 WAL 1987 |p 2732181 |r 2024-01-25 |w 2019-11-15 |y BK |k EDU | ||
| 952 | |0 0 |1 0 |4 0 |6 004_000000000000000_WAL_1987 |7 0 |8 P |9 205279 |a BIBEDU |b BIBEDU |c BIBEDU_PB |d 2019-11-15 |i 273219K |o 004 WAL 1987 |p 273219K |r 2024-01-25 |w 2019-11-15 |y BK |k EDU | ||
| 952 | |0 0 |1 0 |4 0 |6 004_000000000000000_WAL_1987 |7 0 |8 P |9 205280 |a BIBEDU |b BIBEDU |c BIBEDU_PB |d 2019-11-15 |i 322712K |o 004 WAL 1987 |p 322712K |r 2024-01-25 |w 2019-11-15 |y BK |k EDU | ||